000 00551 a2200169 4500
005 20250609121217.0
020 _a0-471-35083-4
082 _a658.2 FIG
100 _aFIGLIOLA, R. S.
245 _aTheory and Design for Mechanical Measurements
250 _a3rd Ed.
260 _anew York
_bJohn Wiley & Sons, Inc.
_c2000
300 _axiv,536p.: figures, tables
_bGlossary & Index
_c26cm.
_eCD
700 _aBEASLEY, D. E.
856 _yAccess Online Book
_fTheory and Design for Mechanical Measuremens
_dhttp://www.wiley.com/college
942 _2ddc
_cBKS
999 _c3502
_d3502